00281nam a22001217a 4500003000400000005001700004008004100021020001500062040000700077082001200084100000900096245005400105OSt20220314113724.0220314b |||||||| |||| 00| 0 eng d a8121901685 cHU a621.816 aGarg aIndustrial Maintenance For The Students Of ......